| 000 | 00391nam a22001457a 4500 | ||
|---|---|---|---|
| 005 | 20161122105827.0 | ||
| 008 | 150107b xxu||||| |||| 00| 0 eng d | ||
| 040 | _cPK-LaUMT | ||
| 082 |
_aRHC 891.4393 _bQAZ-U |
||
| 100 | _aقاضی عابد | ||
| 245 | _aاردو افسانہ اور اساطیر | ||
| 260 |
_aلاہور _bمجلس ترقی ادب _c2009 |
||
| 300 | _a400 ص | ||
| 942 | _cBK | ||
| 999 |
_c63198 _d63198 |
||